00699nam a2200229Ia 4500003000400000005001700004008004100021020001300062040001000075082001700085100002400102245006200126250000800188260004400196300002800240500001900268600001500287650001500302942001200317952012500329999001500454OSt20251211153130.0240925s9999 xx 000 0 und d a71123504 cAACR2 a658.4038 BRI a Laudon , kenneth C 0aManagement Information Systems: managing the digital firm a9th aNew Delhi:bPearson Printice Hallc2006 axix,924p.bNAfOriginal aIncludes Index aManagement aManagement cBK2ddc 00102ddc40708MANaUITUbUITUd2007-02-07eF.B.Cg525.00l0o658.4036 LAUpQ6909r2024-09-25 07:14:25w2024-09-25yBK c9408d9408